000 00581nam a2200193 a 4500
001 000011229
005 20240412074224.0
008 091015s1997 dr 000 p spa d
040 _aDO-SdBNP
_bspa
_cBNPHU
082 _aRD861.44
_bT266a
100 1 _aTejera Rosas, Ramón,
_d1943-
_926794
245 1 0 _aAmarte /
_cRamón Tejera Rosas.
260 _aSanto Domingo :
_bTiempo,
_c1997.
300 _a36 p. ;
_c22 cm.
590 _aInventariado, 2019/LP
650 0 _aPoesía dominicana
_966
650 0 _aLiteratura dominicana.
_967
910 _aValidado. Control de calidad. MMOLINA
999 _c10948
_d10948